Graduation Tracklist (Kanye West) - Statistics

General Stats
  • This quiz has been taken 2,431 times
  • The average score is 11 of 14
Answer Stats
Hint Answer % Correct
1 Good Morning
95%
9 Flashing Lights
88%
14 Good Night
86%
4 I Wonder
86%
3 Stronger
86%
8 Drunk And Hot Girls
83%
12 Homecoming
83%
7 Barry Bonds
79%
2 Champion
79%
5 Good Life
74%
6 Can't Tell Me Nothing
73%
13 Big Brother
71%
10 Everything I Am
64%
11 The Glory
59%
No matching quizzes found
Score Distribution
Percent of People with Each Score
Percentile by Number Answered
Your Score History
You have not taken this quiz